Leitfaden für das Studium des Handels- und Gesellschaftsrechts ...
Saved in:
| Main Author: | |
|---|---|
| Format: | Book |
| Language: | German |
| Published: |
Berlin,
F. Vahlen,
1959.
|
| Edition: | 2. durchgesehene und ergänzte Aufl. |
| Subjects: | |
| Tags: |
Add Tag
No Tags, Be the first to tag this record!
|
| LEADER | 00727nam a2200229I 4500 | ||
|---|---|---|---|
| 001 | 005342273-2 | ||
| 005 | 20020606095253.2 | ||
| 008 | 950224s1959 gw 000 0 ger | ||
| 010 | |a 60033811 | ||
| 035 | 0 | |a ocn234359750 | |
| 040 | |a DLC |c HVL | ||
| 100 | 1 | |a Hirsch, Ernst E., |d 1902- | |
| 245 | 1 | 0 | |a Leitfaden für das Studium des Handels- und Gesellschaftsrechts ... |
| 250 | |a 2. durchgesehene und ergänzte Aufl. | ||
| 260 | |a Berlin, |b F. Vahlen, |c 1959. | ||
| 300 | |a vii, [i], 156 p. |c 21 cm. | ||
| 504 | |a Bibliography: p. 11-13. | ||
| 650 | 0 | |a Commercial law |z Germany (West) | |
| 650 | 0 | |a Corporation law |z Germany (West) | |
| 690 | 9 | |a Corporations |z Germany (Federal Republic, 1949- ) |5 law | |
| 988 | |a 20020608 | ||
| 906 | |0 DLC | ||


